01198nam a2200217 a 450000500170000000800410001702000180005804000350007604100080011104400070011908200200012610000390014624501090018526000570029430000340035150400620038550503750044765000390082265000650086165000540092620150827095324.0120731s2011 ck a gr 000 0dspa d a9789588537153 aCO-BoBLA cCO-BoBLAdCO-BoIAVH0 aspa ack04a338.642 bR65g 1 aRomero Larrahondo, Paulo Andrés.10aGestión integrada en mipymes : bfundamentos y estructura general /cPaulo Andrés Romero Larrahondo. aBogotá : bUniversidad Piloto de Colombia, c2011. a124 p.bilustracionesc24 cm. aIncluye referencias bibliográficas (Páginas 122-124). aLos sistemas integrados de gestión y las mipymes. Los sistemas de gestión de referencia. Sistemas de gestión de calidad basados en la norma ISO 9001:2008. Sistemas de gestión ambiental basados en la norma ISO 14001. Sistemas de gestión de seguridad y salud ocupacional basado en la norma OHSAS 18001. Sistemas integrados de gestión en el marco de la mipymes. 4aCalidad total en administración. aPequeña y mediana empresax Control de calidadz Colombia. 6aGestión ambientalxControl de calidadzColombia